Bilecik Bilecik Bilecik Bilecik Bilecik

Deneysel psikoloji = (Record no. 51248)

MARC details
000 -BAŞLIK
Sabit Uzunluktaki Kontrol Alanı 01398nam a22003857a 4500
001 - KONTROL NUMARASI
Control Dosyası 0051424
003 - KONTROL NUMARASI KİMLİĞİ
Kontrol Alanı KOHA_MİRAKIL
005 - EN SON İŞLEM TARİHİ ve ZAMANI
Kontrol Alanı 20260207003805.0
007 - FİZİKSEL TANIM SABİT ALAN - GENEL BİLGİ
Sabit uzunluklu kontrol alanı ta
008 - SABİT UZUNLUKTAKİ VERİ ÖGELERİ - GENEL BİLGİ
Sabit Alan 150629b2014 tu a|||gr||||#||||0|tur |
020 ## - ISBN - ULUSLARARASI STANDART KİTAP NUMARASI
Isbn 9786051337005
040 ## - KATALOGLAMA KAYNAĞI
Özgün Kataloglama Kurumu TR-BiSEU
Kataloglama Dili tur
Çeviri Kurumu TR-BiSEU
Açıklama Kuralları rda
041 0# - DİL KODU
Metin ya da ses kaydının dil kodu tur
044 ## - YAYINLAYAN/ÜRETEN KURULUŞUN ÜLKE KODU
ISO country code tu
050 ## - SINIFLAMA ve YER NUMARASI
Sınıflama Numarası BF181
Yer Numarası .K35 2014
100 1# - KİŞİ ADI
Yazar Adı (Kişi adı) Kantowitz, Barry H..
240 10 - TEK BİÇİM BAŞLIK
Tekbiçim Başlık <a href="experimental psychology">experimental psychology</a>
Language of a work Türkçe
245 1# - ESER ADI BİLDİRİMİ
Başlık Deneysel psikoloji =
Alt Eseradı vb. experimental psychology/
Sorumluluk Bildirimi Barry H. Kantowitz ; Barry H. Kantowitz, Henry L. Roediger III, David G. Elmes ; [çeviri yazarları], Nurhan Er, Yalçın Akın Duyan..
250 ## - BASIM BİLDİRİMİ
Basım Bildirimi 9. Basımdan çeviri
264 #1 - ÜRERİM, YAYIN, DAĞITIM ve TELİF BİLDİRİMİ
Yayın yeri Ankara :
Yayınlayan Nobel
Yayın tarihi 2014
300 ## - FİZİKSEL TANIMLAMA
Sayfa, Cilt vb. XXIV, 551 sayfa :
Diğer fiziki detaylar resimli ;
Boyutları 24 cm.
336 ## - İÇERİK TÜRÜ
Content type term metin
Content type code txt
Source rdacontent
337 ## - MEDYA TÜRÜ
Media type term aracısız
Media type code n
Source rdamedia
338 ## - TAŞIYICI TÜRÜ
Carrier type term cilt
Carrier type code nc
Source rdacarrier
490 1# - DİZİ BİLDİRİMİ
Dizi Bildirimi Yayın no ;
Cilt Numarası 799.
490 1# - DİZİ BİLDİRİMİ
Dizi Bildirimi Psikoloji / PsikolojikDanışma Rehberlik no ;
Cilt Numarası 039.
500 ## - GENEL NOT
Genel Not Dizin var.
650 #0 - KONU BAŞLIĞI EK GİRİŞ - KONU TERİMİ
Konusal terim veya coğrafi ad Psikoloji, Deneysel--Ders kitapları.
9 (RLIN) 95644
650 #0 - KONU BAŞLIĞI EK GİRİŞ - KONU TERİMİ
Konusal terim veya coğrafi ad Psychology, Experimental--Textbooks.
9 (RLIN) 95645
650 #0 - KONU BAŞLIĞI EK GİRİŞ - KONU TERİMİ
Konusal terim veya coğrafi ad Psikoloji--Araştırma--Ders kitapları.
9 (RLIN) 95646
650 #0 - KONU BAŞLIĞI EK GİRİŞ - KONU TERİMİ
Konusal terim veya coğrafi ad Psychology--Research--Textbooks.
9 (RLIN) 95647
830 1# - SERİ EK GİRİŞİ - TEKBİÇİM ESER ADI
Tekbiçim Başlık Yayın no ;
Volume number/sequential designation 799.
9 (RLIN) 1619
830 1# - SERİ EK GİRİŞİ - TEKBİÇİM ESER ADI
Tekbiçim Başlık Psikoloji / PsikolojikDanışma Rehberlik no ;
Volume number/sequential designation 039.
9 (RLIN) 95648
942 ## - EK GİRİŞ ÖGELERİ (KOHA)
Source of classification or shelving scheme Library of Congress Classification
Koha item type Book
Holdings
Materyal Türü Kalıcı Konum Mevcut Konum Raf Yeri Sınıflandırma Kaynağı Edinim Bilgisi Ana Konular Alt Konular Yer Numarası Demirbaş Numarası Fatura Tarihi Maliyet, Alış Fiyatı Maliyet, Yenileme Fiyatı Geri Çekilme Durumu Kayıp Durumu Hasarlı Durumu Kredi için değil Kayıt Tarih Toplam Ödünçverme Son Görülme Tarihi Son Kontrol Tarihi Satın Alma Notu
Book Prof. Dr. Azmi Özcan Kütüphanesi Prof. Dr. Azmi Özcan Kütüphanesi Uluğbey Salonu Library of Congress Classification Satın FELSEFE, PSİKOLOJİ, DİN Psikoloji BF181 .K35 2014 0051424 07/07/2015 23.57 23.57         29/06/2015 1 05/12/2024 05/12/2024 B-984687 - B-984797